Recherche et activité économique

Salvato in:
Dettagli Bibliografici
Autore principale: Perroux, Francois
Natura: Libro
Lingua:Undetermined
Pubblicazione: Paris Armand Colin 1969
Soggetti:
Tags: Aggiungi Tag
Nessun Tag, puoi essere il primo ad aggiungerne! !
Thư viện lưu trữ: Trung tâm Học liệu Trường Đại học Cần Thơ
LEADER 00477nam a2200181Ia 4500
001 CTU_78460
008 210402s9999 xx 000 0 und d
082 |a 338.9 
082 |b P459 
100 |a Perroux, Francois 
245 0 |a Recherche et activité économique 
245 0 |c Francois Perroux 
260 |a Paris 
260 |b Armand Colin 
260 |c 1969 
650 |a Research 
650 |x Economic aspects 
980 |a Trung tâm Học liệu Trường Đại học Cần Thơ